| 000 | 00451nam a2200145 a 4500 | ||
|---|---|---|---|
| 001 | 000027648 | ||
| 005 | 20200930031005.0 | ||
| 008 | 110404s1925 dr a 000 0 spa d | ||
| 040 |
_aDO-SdBNP _bspa _cBNPHU |
||
| 082 |
_axxxx _bxxxx |
||
| 100 | 1 |
_aBerges Bordas, Gustavo E. _954738 |
|
| 245 | 1 | 0 |
_aCien días en Nueva York / _cGustavo E. Berges Bordas. |
| 260 |
_aSantiago, República Dominicana, : _bFranco Hermanos, _c1925. |
||
| 300 |
_a102 p. ; _c21 cm. |
||
| 999 |
_c27140 _d27140 |
||